A TB. OF PSYCHIATRIC NURSING (Record no. 16472)
[ view plain ]
| 000 -LEADER | |
|---|---|
| fixed length control field | 00319nam a22001457a 4500 |
| 003 - CONTROL NUMBER IDENTIFIER | |
| control field | SGT |
| 020 ## - INTERNATIONAL STANDARD BOOK NUMBER | |
| International Standard Book Number | 978-81-924060-1-5 |
| 082 ## - DEWEY DECIMAL CLASSIFICATION NUMBER | |
| Classification number | 610.7368 |
| Item number | P17K |
| 100 ## - MAIN ENTRY--PERSONAL NAME | |
| Personal name | KAPOOR, BIMLA |
| 245 ## - TITLE STATEMENT | |
| Title | A TB. OF PSYCHIATRIC NURSING |
| 250 ## - EDITION STATEMENT | |
| Edition statement | 3RD |
| 260 ## - PUBLICATION, DISTRIBUTION, ETC. (IMPRINT) | |
| Place of publication, distribution, etc | DELHI |
| Name of publisher, distributor, etc | KUMAR PUB |
| Year of Publication | 2017 |
| 300 ## - PAGE DESCRIPTION | |
| No. of Pages | 182 |
| 942 ## - ADDED ENTRY ELEMENTS (KOHA) | |
| Source of classification or shelving scheme | Dewey Decimal Classification |
| Koha item type | Books |
| 942 ## - ADDED ENTRY ELEMENTS (KOHA) | |
| -- | 4 |
| Withdrawn status | Lost status | Source of classification or shelving scheme | Damaged status | Not for loan | Collection code | Home library | Current library | Shelving location | Date acquired | Vendor Name | Cost, normal purchase price | Volume Information (Serial or Books or Non-Book Material) | SGTU | Bill Number | Total Checkouts | Full call number | Accession No. (Barcode) | Date last seen | Bill Date | Koha item type | Date last borrowed |
|---|---|---|---|---|---|---|---|---|---|---|---|---|---|---|---|---|---|---|---|---|---|
| Dewey Decimal Classification | NURSING | SGT Medical Library | SGT Medical Library | Reference Book | 09/01/2019 | ABC | 200.00 | 1 | SGTU | 10396 | 610.7368 P17K | FN3826 | 09/01/2019 | 12/08/2018 | Books | ||||||
| Dewey Decimal Classification | NURSING | SGT Medical Library | SGT Medical Library | Reference Book | 09/01/2019 | ABC | 200.00 | 1 | SGTU | 10396 | 3 | 610.7368 P17K | FN3827 | 10/03/2026 | 12/08/2018 | Books | 25/02/2026 | ||||
| Dewey Decimal Classification | NURSING | SGT Medical Library | SGT Medical Library | Reference Book | 09/01/2019 | ABC | 475.00 | 2 | SGTU | 10396 | 610.7368 P17K | FN3828 | 09/01/2019 | 12/08/2018 | Books | ||||||
| Dewey Decimal Classification | NURSING | SGT Medical Library | SGT Medical Library | Reference Book | 09/01/2019 | ABC | 475.00 | 2 | SGTU | 10396 | 8 | 610.7368 P17K | FN3829 | 06/06/2024 | 12/08/2018 | Books | 27/05/2024 |